000 nam a22 a 4500
999 _c3229
_d3229
005 20170522091425.0
008 170522b1991 xxu||||| |||| 00| 0 eng d
020 _a0560520760
040 _aAKMAL
082 _a658.31244 MCA
090 _a658.31244
_bMCA
245 _aDeveloping Instructional Design /
_cGeri A.H. McArdle
260 _aCanada
_bCrisp Publications
_c1991
300 _ccm
942 _2ddc
_cBOOK